The world labour market : (Record no. 8920)

MARC details
000 -LEADER
fixed length control field 00739pam a2200229 a 4500
001 - CONTROL NUMBER
control field 2453419
003 - CONTROL NUMBER IDENTIFIER
control field OSt
005 - DATE AND TIME OF LATEST TRANSACTION
control field 20240626121506.0
008 - FIXED-LENGTH DATA ELEMENTS--GENERAL INFORMATION
fixed length control field 891024s1990 enkab b 001 0 eng
020 ## - INTERNATIONAL STANDARD BOOK NUMBER
International Standard Book Number 0862328829
020 ## - INTERNATIONAL STANDARD BOOK NUMBER
International Standard Book Number 0862328837.
040 ## - CATALOGING SOURCE
Original cataloging agency DDC
Transcribing agency MUST
082 00 - DEWEY DECIMAL CLASSIFICATION NUMBER
Classification number 331.11 POT 1990
Edition number 19
100 1# - MAIN ENTRY--PERSONAL NAME
Personal name Potts, Lydia,
9 (RLIN) 18053
245 14 - TITLE STATEMENT
Title The world labour market :
Remainder of title a history of migration /
Statement of responsibility, etc. Lydia Potts ; translated by Terry Bond.
260 ## - PUBLICATION, DISTRIBUTION, ETC. (IMPRINT)
Place of publication, distribution, etc. London ;
-- Atlantic Highlands, N.J. :
Name of publisher, distributor, etc. Zed Books,
Date of publication, distribution, etc. 1990.
300 ## - PHYSICAL DESCRIPTION
Extent 247 p.:
Other physical details ill., maps ;
Dimensions 22 cm.
504 ## - BIBLIOGRAPHY, ETC. NOTE
Bibliography, etc Includes bibliographical references and index.
650 #0 - SUBJECT ADDED ENTRY--TOPICAL TERM
Topical term or geographic name as entry element Foreign workers
General subdivision History.
9 (RLIN) 18054
650 #0 - SUBJECT ADDED ENTRY--TOPICAL TERM
Topical term or geographic name as entry element Forced labor
General subdivision History.
9 (RLIN) 18055
942 ## - ADDED ENTRY ELEMENTS (KOHA)
Source of classification or shelving scheme Dewey Decimal Classification
Koha item type Open Shelf
Holdings
Withdrawn status Lost status Source of classification or shelving scheme Damaged status Not for loan Home library Current library Date acquired Source of acquisition Inventory number Total Checkouts Full call number Barcode Date last seen Price effective from Koha item type
    Dewey Decimal Classification     MUST Main Library MUST Main Library 26/06/2024 Purchase 10/32785   331.11 POT 1990 2024-21431 26/06/2024 26/06/2024 Open Shelf